|
|
|
|
| LEADER |
01343nam a2200313 a 4500 |
| 001 |
0017242 |
| 003 |
BD-DhAAL |
| 008 |
090816s2007 enka 000 0 eng d |
| 020 |
|
|
|a 9780194579209
|
| 020 |
|
|
|a 9780194579193
|
| 040 |
|
|
|a DLC
|c DLC
|d DLC
|d BD-DhAAL
|
| 082 |
0 |
0 |
|a 420
|2 20
|
| 100 |
1 |
|
|a Gore, Sylee.
|9 730
|
| 245 |
0 |
0 |
|a English for marketing & advertising /
|c Sylee Gore.
|
| 260 |
|
|
|a Oxford :
|b Oxford University Press,
|c 2007.
|
| 300 |
|
|
|a 80 p. :
|b ill. ;
|c 26 cm
|e + 1 CD-ROM (4 3/4 in.)
|
| 490 |
0 |
|
|a Express series.
|
| 526 |
|
|
|a CFL, BRACU
|
| 541 |
1 |
|
|e 00017242
|a Karim International
|
| 650 |
|
0 |
|a English language
|x Business English.
|
| 650 |
|
0 |
|a English language
|x Sound recordings for foreign speakers.
|
| 650 |
|
0 |
|a English language
|x Textbooks for foreign speakers.
|
| 650 |
|
0 |
|a Marketing
|x Problems, exercises, etc.
|9 734
|
| 650 |
|
0 |
|a Advertising
|x Problems, exercises, etc.
|9 735
|
| 852 |
4 |
|
|a Ayesha Abed Library
|c General Stacks
|
| 942 |
|
|
|2 ddc
|c BK
|
| 999 |
|
|
|c 9530
|d 9530
|
| 952 |
|
|
|0 0
|1 0
|2 ddc
|4 0
|6 420_GOR_200700000000000
|7 0
|9 12012
|a BRACUL
|b BRACUL
|c GEN
|d 2010-09-23
|e Karim International
|g 1450.00
|l 4
|m 7
|o 420 GOR
|p 3010017242
|r 2022-07-31
|s 2022-06-13
|t 1
|w 2010-09-23
|y BK
|
| 952 |
|
|
|0 0
|1 0
|2 ddc
|4 0
|6 420_GOR_200700000000000
|7 0
|9 12013
|a BRACUL
|b BRACUL
|c AV
|d 2010-09-23
|l 2
|o 420 GOR
|p 4010017242
|r 2011-08-01
|s 2011-07-24
|t 1
|w 2010-09-23
|y AV
|